Day #28: Countries 2800 km away from Burundi - Statistics

General Stats
  • This quiz has been taken 14 times
  • The average score is 10 of 11
Answer Stats
Answer % Correct
Saudi Arabia
100%
Sudan
100%
Yemen
100%
Chad
93%
Libya
93%
Namibia
93%
South Africa
93%
Madagascar
86%
Niger
86%
Nigeria
86%
Somalia
86%
No matching quizzes found
Score Distribution
Percent of People with Each Score
Percentile by Number Answered
Your Score History
You have not taken this quiz